Toward an Integrated Policy Framework.

Policymakers often face difficult tradeoffs in pursuing domestic and external stabilization objectives. The paper reflects staff's work to advance the understanding of the policy options and tradeoffs available to policymakers in a systematic and analytical way. The paper recognizes that the op...

Descrizione completa

Dettagli Bibliografici
Ente Autore: International Monetary Fund
Natura: Periodico
Lingua:English
Pubblicazione: Washington, D.C. : International Monetary Fund, 2020.
Serie:Policy Papers; Policy Paper ; No. 2020/046
Accesso online:Full text available on IMF
LEADER 01669cas a2200241 a 4500
001 AALejournalIMF021303
008 230101c9999 xx r poo 0 0eng d
020 |c 5.00 USD 
020 |z 9781513558769 
022 |a 2663-3493 
040 |a BD-DhAAL  |c BD-DhAAL 
110 2 |a International Monetary Fund. 
245 1 0 |a Toward an Integrated Policy Framework. 
264 1 |a Washington, D.C. :  |b International Monetary Fund,  |c 2020. 
300 |a 1 online resource (54 pages) 
490 1 |a Policy Papers 
500 |a <strong>Off-Campus Access:</strong> No User ID or Password Required 
500 |a <strong>On-Campus Access:</strong> No User ID or Password Required 
506 |a Electronic access restricted to authorized BRAC University faculty, staff and students 
520 3 |a Policymakers often face difficult tradeoffs in pursuing domestic and external stabilization objectives. The paper reflects staff's work to advance the understanding of the policy options and tradeoffs available to policymakers in a systematic and analytical way. The paper recognizes that the optimal path of the IPF tools depends on structural characteristics and fiscal policies. The operational implications of IPF findings require careful consideration. Developing safeguards to minimize the risk of inappropriate use of IPF policies will be essential. Staff remains guided by the Fund's Institutional View (IV) on the Liberalization and Management of Capital Flows. 
538 |a Mode of access: Internet 
830 0 |a Policy Papers; Policy Paper ;  |v No. 2020/046 
856 4 0 |z Full text available on IMF  |u http://elibrary.imf.org/view/journals/007/2020/046/007.2020.issue-046-en.xml  |z IMF e-Library